000 00217 a2200109 4500
020 _a9780061228766
041 _aspa
100 _aWilliams, Vera B
245 _aMas Mas Mas Dijo el Bebe
942 _cBK
952 _71
999 _c16596
_d16596